000 00634nam a2200205 i 4500
001 80631
003 ES-MaACL
007 t|
008 041029s1981 sp ||||1| spa d
100 1 _aHolgado Sabio, Antonio.
_964011
245 1 3 _aLa huida de los malagueños /
_cAntonio Holgado Sabio.
250 _a[1ª ed.].
260 _aMataró :
_bAgrupación Hispana de Escritores,
_c1981.
300 _a221 p. ;
_c20 cm.
490 1 _aEpisodios de Andalucía ;
_v12
830 0 _aEpisodios de Andalucía ;
_v12
_9183675
852 _aES-MaACL
_jL-4882
_bR.105541
852 _aES-MaACL
_jL-2123
_bR.102956
999 _c80631
_d80631